000 00491nam a2200157 4500
001 145039
003 ES-MaACL
007 t|
008 070214s1928 xxu r ||||1| eng d
100 1 _aSollmann, Torald.
_9107229
245 1 0 _aAn introduction to experimental Pharmacology /
_cby Torald Sollmann and Paul J. Hanzlik.
260 _aPhiladelphia [etc.] :
_bW. B. Saunders,
_c1928.
300 _a321 p. :
_bil. ;
_c24 cm.
700 1 _aHanzlik, Paul J.
_961788
852 _aES-MaACL
_jE-1736
999 _c145039
_d145039